Najpopularniejsze numery rap/trap tygodnia.06-12.11 Spotify - Statystyki

Ogólne statystyki
  • Ten quiz został rozwiązany 47 razy
  • Średni wynik to 8 z 15
Statystyki odpowiedzi
Wykonawca Odsłuchania Utwór % Poprawnych
Guzior, Oskar83 991K FALA
91%
Quebonafide, Daria Zawiałow 433K BUBBLETEA
79%
Żabson,Young Leosia,Beteo,Borucci 578K ULALA
74%
Reto 539K Billy Kid
72%
Wiatr,Be Vis,Sobel 593K Testarossa
72%
Alberto 442K Dwutakt
70%
Kabe 564K Nad ranem
67%
Sobel 400K Impreza
58%
Taco Hemingway 439K Polskie Tango
56%
Guzior 462K KUSHKOMA
37%
chillwagon 337K ziarnko do ziarnka
37%
Pezet,Kayah 833K Nisko jest niebo
26%
Gedz,Taco Hemingway 385K Yin Yang
23%
chillwagon 376K david hustlehoff
21%
Szpaku 370K Ośmiogwiazdkowy S*urwiel
7%
Nie znaleziono quizów pasujących do podanych kryteriów
Rozkład punktacji
Procent ludzi z każdym wynikiem
Percentyl według liczby udzielonych odpowiedzi
Twoja historia wyników
Nie rozwiązałeś tego quizu